Personnages Clan Uchiha ( Naruto / Boruto ) - Statistiques

Statistiques générales
  • Ce quiz a été pris 398 fois
  • Le résultat moyen est 9 sur 26
Statistiques - réponses
Par images Réponse % Correct
Itachi
99%
Obito
99%
Sasuke
99%
Madara
98%
Sarada
94%
Shisui
91%
Fugaku
76%
Izuna
52%
Mikoto
41%
Izumi
35%
Kagami
30%
Tajima
16%
Naori
12%
Naka
8%
Rai
8%
Baru
6%
Tekka
5%
Hikaku
4%
Inabi
4%
Setsuna
3%
Teyaki
3%
Uruchi
3%
Yashiro
3%
Taiko
2%
Yakumi
2%
Nanashi
1%
Aucun quiz correspondant
Distribution des résultats
% des personnes avec chaque résultat
Percentile par nombre de réponses
Votre historique - résultats
Vous n’avez pas pris ce quiz